000 00718 a2200205 4500
999 _c8349
_d8349
003 GBCCL
005 20241126110648.0
008 200210b ||||| |||| 00| 0 eng d
020 _a9789386682932
020 _a9386682931
040 _cGBC
082 _a305.40954
_bSOC
245 _aSocial justice among the women/
_cedited by Nazish Bano, Aradhana Shukla.
260 _aNew Delhi :
_bConcept Publishing Company Pvt. Ltd.,
_c2019.
300 _axviii, 253 pages : illustrations (black and white) ;
_b23 cm
650 _aWomen -- India -- Social conditions.
_914557
650 _aWomen -- Violence against -- India.
_914558
650 _aSex discrimination against women -- India.
_914559
942 _2ddc
_cBK
_01